000 00315nam a2200145Ia 4500
100 _aGrob/ bernard
650 _aElectrical Engineering
942 _cBK
654 _atelevision
245 _aBasic television
260 _bMcGraw Hill
_aAuckland
_c1964
082 _a621.38
300 _a732
546 _aENGLISH
999 _c29787
_d29787